000 00495nam a2200181Ia 4500
005 20250508162711.0
008 008 250505s9999 xx 000 0 hin d
037 _aTextual
040 _aFEDL
_beng
_cFEDL
041 _ahin
_2eng
084 _a808.8, NEH
_qFEDL
245 0 _aJawaharlal Nehru ke amar vichar
245 0 _cNational Council of Educational Research anf Training
260 _c1988
300 _a48p.
942 _cTEXL
_h808.8, NEH
999 _c1378138
_d1378138